Регионална библиотека "Любен Каравелов" - Русе

Пиеси (Запис номер 79450)

MARC детайли
000 -Лидер
Контролно поле с фиксирана дължина 01406nam a2200349 c 4500
003 - Код на организацията, давaща контролен номер
Контролно поле BLK
005 - Дата и час на последна редакция
Контролно поле 20230801113815.0
008 - Елементи от данни с фиксирана дължина
fixed length control field 180408b bul|||||r ||||||| ||bul||
010 ## - Наследен системен номер
LC control number KNG00083924000
020 ## - Международен стандартен номер на книга ISBN
Международен стандартен номер на книга ISBN 978-954-09-0022-3
-- издат.: Захарий Стоянов - на том(т. 3)
040 ## - Източник на каталожния запис
Идентификатор на билиотеката - собственик на записа BLK
041 ## - Код за език
Код за езика на текст/звукозапис или на отделно заглавие Български
Код за езика КДБФ Български
080 ## - УДК
Текстов определител УДК Българска литература
УДК код - определител по УДК 821.163.2
УДК определител -2
УДК - код + определител 821.163.2-2
100 ## - Редна дума - Автор
Автор Илиев, Константин Илиев
Дати, свързани с автора 1937-
R(LIN) 407884
139 ## - Редно поле
Редна дума Илиев, Константин Илиев
Авторски знак Илие - И 52
245 10 - Сведения за заглавието
Заглавие Пиеси
Подзаглавни данни Т. 1 -
Редно поле (дума) Константин Илиев Илиев.
Том Т. 3
Заглавие на том Червено вино за сбогом
257 ## - Страна на издаване
Страна на създаване/издаване България
260 ## - Област на издателските данни
-- София
Година на издаване 2007 -
Печатница София : УИ Св. Кл. Охридски
300 ## - Физическа характеристика
Размери/Мащаб 21 см
380 ## - Жанр
Жанр Худож. лит.
500 ## - Общи забележки
Забележка Офс. изд.
505 ## - Форматирана забележка
Подзаглавни данни
Авторската отговорност
Заглавие Куцулан или Вълча Богородица
505 ## - Форматирана забележка
Подзаглавни данни
Авторската отговорност
Заглавие Франческа
505 ## - Форматирана забележка
Подзаглавни данни
Авторската отговорност
Заглавие Бетовен
760 1# - Описание на основната серия
-- - на том(т. 3)
Редна дума на основното описание Илиев, Константин Илиев
Място на издаване, издател и година Захарий Стоянов, 2007
Страници - том 320 с.
Заглавие Т. 3 Червено вино за сбогом
852 ## - Местоположение
Форматна сигнатура Цб 237363
856 4# - Електронен адрес и достъп
Електронен формат pdf - файл
Път до файла /url/
856 4# - Електронен адрес и достъп
Електронен формат pdf - файл
Път до файла /url/
942 ## - АРТИКУЛИ
Вид на библиотечния материал Книги
Скрит в OPAC Не
944 ## - СЪЗДАВАНЕ И РЕДАКЦИЯ на ЗАПИСА
Създаване/Редакция Създаване
Дата на регистрацията/редакция 22.05.2008
Служител, извършил регистрацията/редакцията 30556
Статус, дата на статуса Теодора Пейчева-Дянкова
944 ## - СЪЗДАВАНЕ И РЕДАКЦИЯ на ЗАПИСА
Създаване/Редакция Редакция
Дата на регистрацията/редакция 21.07.2008
Служител, извършил регистрацията/редакцията
999 ## - СИСТЕМНИ КОНТРОЛНИ НОМЕРА
Koha biblionumber 79450
Koha biblioitemnumber 79450
Наличности
Код за отписване Код за изгубен артикул Код за повреда Коз за рестрикции Код за отдаване Артикулен № Име на библиотеката - собственик Име на библиотеката, в която се намира в момента Статус (Текущо местоположение) Дата на вписване в системата Местоположение - отдел Цена в лева Инвентарен номер Систематично азбучна сигнатура Баркод Номер на екземпляра Цена в евро Служебна бележка Служебен тип на артикула
  Не е изгубен Не е повреден без рестрикции ползва се в читалня 128648 Регионална библиотека "Любен Каравелов" Русе Регионална библиотека "Любен Каравелов" Русе Хранилище 2008-05-23 Хранилище 14.00 120000726603 Цб 237363 120000726603 1 7.16 Дост: Dp Вид: Д N: 14 Дата: 05.03.2008 Книги
  Не е изгубен Не е повреден без рестрикции заемане за дома 128649 Регионална библиотека "Любен Каравелов" Русе Регионална библиотека "Любен Каравелов" Русе Заемна - подръчен фонд 2008-07-17 Заемна - подръчен фонд 14.00 120000727495 П 886.7-2/И 52 120000727495 2 7.16 Дост: Pk Вид: Ф N: 5989 Дата: 16.07.2008 Дата инв: 14.02.2018 Бележки инв: П2018 Книги
Vip Innovations Ltd, Rousse, Bulgaria 2025